Making data visual: A practical guide to using visualization for insight.
Uloženo v:
| Hlavní autoři: | , |
|---|---|
| Médium: | Neznámo |
| Vydáno: |
Sebastopol, CA., USA:
O'Reilly,
2018
|
| Vydání: | First edition. |
| Témata: | |
| Tagy: |
Přidat tag
Žádné tagy, Buďte první, kdo vytvoří štítek k tomuto záznamu!
|
MARC
| LEADER | 00000 a2200000 4500 | ||
|---|---|---|---|
| 003 | CL-VaPUC | ||
| 005 | 20230620083353.0 | ||
| 008 | 230609t2018 ||||| |||| 00| 0 eng d | ||
| 999 | |c 440652 |d 440650 | ||
| 020 | |a 978-1-491-92846-2 | ||
| 040 | |c Pontificia Universidad Católica de Valparaíso | ||
| 082 | 7 | |a 001.4226 MEY 2018 |2 22 | |
| 100 | |a Fisher, Danyel |e author |9 882983 | ||
| 245 | |a Making data visual: |b A practical guide to using visualization for insight. | ||
| 250 | |a First edition. | ||
| 260 | |a Sebastopol, CA., USA: |b O'Reilly, |c 2018 | ||
| 300 | |a 149 páginas. | ||
| 583 | |k GC |c 20230609 | ||
| 650 | |a Visualización de información |9 866864 | ||
| 650 | 0 | |a Visualización de datos |9 882494 | |
| 700 | |a Meyer, Miriah |e author |9 882984 | ||
| 942 | |2 ddc |c BK | ||
| 952 | |0 0 |1 0 |2 ddc |4 0 |6 001_422600000000000_MEY_2018 |7 0 |8 A |9 590408 |a BIBCUR |b BIBCUR |c GEN |d 2023-06-07 |e 3 |g 41945.55 |i 5657717 |l 4 |o 001.4226 MEY 2018 |p 5657717 |r 2025-03-12 |s 2024-12-18 |t 1 |v 41945.55 |w 2023-06-07 |y BK |k PER | ||